Statistics for Dragon Ball Legends: Legends Limited Characters

Click here to take the quiz!

General Stats

  • This quiz has been taken 59 times
  • The average score is 5 of 28

Answer Stats

HintAnswer% Correct
BlueGoku
74%
BlueVegeta
55%
RedVegeta
55%
YellowPiccolo
26%
YellowBardock
21%
GreenSuper Saiyan 4 Gogeta
21%
YellowSuper Saiyan Gohan
21%
PurpleSuper Vegito
21%
GreenGod Of Destruction Beerus
18%
RedSuper Saiyan 2 Gohan Youth
18%
GreenSuper Saiyan 3 Goku
18%
YellowSuper Saiyan 4 Goku
16%
YellowSuper Saiyan God SS Gogeta
16%
Purple1st Form Frieza
13%
PurplePerfect Cell
13%
GreenSuper Saiyan God SS Vegeta
13%
BlueSuper Saiyan God SS Vegito
13%
PurpleSuper Saiyan Gohan Youth
13%
PurpleSuper Saiyan Goten Kid
13%
BlueSuper Saiyan Broly Full Power
11%
PurpleSuper Saiyan Rosé Goku Black
11%
BlueBuu Kid
8%
PurpleUltra Instinct Goku
8%
YellowSuper Saiyan God SS evolved vegeta
5%
RedHalf Corrupted Fusion Zamasu
3%
BlueSuper Saiyan Trunks Adult
3%
YellowFinal Form Frieza Full Power
0%
PurpleSuper Saiyan God SS Goku And Vegeta
0%

Score Distribution

Percentile by Number Answered

Percent of People with Each Score

Your Score History

You have not taken this quiz